Every Extreme Tower in Eternal Towers of Hell - Statistics

General Stats
  • This quiz has been taken 23 times
  • The average score is 7 of 13
Answer Stats
Area Tower % Correct
Zone 8 Tower of {Astral Eclipse}
86%
Zone 3 Tower of {Hopeless Hell}
86%
Ring 9 Tower of {Bloodthirsty Kenos}
71%
Ashen Towerworks Tower of {Wicked Fortress}
71%
Zone 4 Tower of {Astronomically Aimless Annoyances}
57%
Ring 8 Tower of {Externalizing Insanity}
57%
Ring 9 Tower of {Frightening and Confusing Trials}
57%
Ring 8 Tower of {Suffering Outside}
57%
Ring 7 Tower of {Terrifying Beauty}
57%
Ring 6 Tower of {Strategic Mechanics}
43%
Zone 6 Tower of {The Dripping Amalgam}
43%
Zone 10 Tower of {Blast Power}
29%
Zone 9 Tower of {Panelling Barricades}
29%
No matching quizzes found
Score Distribution
Percent of People with Each Score
Percentile by Number Answered
Your Score History
You have not taken this quiz